[Event "34th European Club Cup 2018"]
[Site "Halkidiki"]
[Date "2018.10.12"]
[Round "1"]
[White "Jashari, Ardian"]
[Black "Rosenthal, Jonathan"]
[Result "1/2-1/2"]
[WhiteElo "2113"]
[BlackElo "2315"]
[Annotator "NA"]
[PlyCount "79"]
[EventDate "2018.10.12"]
[EventType "team-tourn"]
[EventCountry "GRE"]
[SourceTitle "playchess.com"]
[Source "ChessBase"]
[SourceQuality "1"]
[WhiteTeam "Dardania"]
[BlackTeam "Zurich"]

1. Nf3 d5 2. d4 Nf6 3. c4 e6 4. g3 c6 5. Bg2 Bb4+ 6. Bd2 Be7 7. O-O O-O 8. Qc2 b6 9. Ne5 Nfd7 10. Nxd7 Nxd7 11. e4 Ba6 12. b3 dxc4 13. bxc4 e5 14. Be3 Bf6 15. d5 cxd5 16. exd5 Rc8 17. Nd2 Bg5 18. Qa4 Bxe3 19. fxe3 Nc5 20. Qa3 Rc7 21. Rac1 Bc8 22. Ne4 Nxe4 23. Bxe4 Bh3 24. Rfd1 Qd7 25. Bxh7+ Kxh7 26. Qxf8 Qf5 27. Qa3 Qf3 28. Qd3+ Bf5 29. Rf1 Qxg3+ 30. hxg3 Bxd3 31. Rfd1 e4 32. Rc3 Kg6 33. Rdc1 Rc5 34. Kf2 Kf5 35. a4 Ke5 36. Ke1 Ra5 37. Ra1 Rc5 38. Rac1 Ra5 39. Ra3 Rc5 40. Rac3 1/2-1/2

[Event "34th European Club Cup 2018"]
[Site "Halkidiki"]
[Date "2018.10.12"]
[Round "1"]
[White "Jap Tjoen San, Linda"]
[Black "Fyntrilakis, Kyriakos"]
[Result "1/2-1/2"]
[WhiteElo "2086"]
[BlackElo "1746"]
[Annotator "NA RC"]
[PlyCount "101"]
[EventDate "2018.10.12"]
[EventType "team-tourn"]
[EventCountry "GRE"]
[SourceTitle "playchess.com"]
[Source "ChessBase"]
[SourceQuality "1"]
[WhiteTeam "Leiden"]
[BlackTeam "Chania CC"]

1. e4 c5 2. Nf3 d6 3. d4 cxd4 4. Nxd4 Nf6 5. Nc3 Nc6 6. f3 e5 7. Nb3 Be7 8. Be3 Be6 9. Nd5 O-O 10. Qd2 Bxd5 11. exd5 Nb8 12. c4 b6 13. Be2 a5 14. Nc1 Na6 15. O-O Nd7 16. f4 f5 17. Bd3 e4 18. Bc2 Ndc5 19. a3 a4 20. Rb1 Rb8 21. Ne2 Bf6 22. Nd4 Bxd4 23. Bxd4 b5 24. Qc3 Rf7 25. cxb5 Rxb5 26. Qc4 Qa5 27. Kh1 Rbb7 28. Bc3 Qb5 29. Qxb5 Rxb5 30. Rbd1 Nb3 31. Bxb3 Rxb3 32. h3 Nc5 33. Rd4 e3 34. Re1 Re7 35. Kh2 Rb8 36. Re2 Rbe8 37. g3 Re4 38. Kg2 Nb3 39. Rxe4 Rxe4 40. Kf3 Nd4+ 41. Bxd4 Rxd4 42. Rxe3 Rxd5 43. b4 axb3 44. Rxb3 Kf7 45. g4 g6 46. a4 Ra5 47. Rb4 Ke6 48. Ke3 Kd5 49. Kd3 Kc5 50. Rc4+ Kd5 51. Rd4+ 1/2-1/2

[Event "34th European Club Cup 2018"]
[Site "Halkidiki"]
[Date "2018.10.12"]
[Round "1"]
[White "McHugh, Kevin"]
[Black "Valdes Escobar, Alvaro"]
[Result "0-1"]
[WhiteElo "2084"]
[BlackElo "2351"]
[Annotator "TA"]
[PlyCount "60"]
[EventDate "2018.10.12"]
[EventType "team-tourn"]
[EventCountry "GRE"]
[SourceTitle "playchess.com"]
[Source "ChessBase"]
[SourceQuality "1"]
[WhiteTeam "St Benildus"]
[BlackTeam "Wood Green"]

1. e4 c5 2. Nf3 d6 3. d4 cxd4 4. Nxd4 Nf6 5. Nc3 Nc6 6. Bc4 e5 7. Nde2 Be6 8. Bb3 Be7 9. O-O O-O 10. Ng3 Rc8 11. Be3 a6 12. Nd5 Bxd5 13. exd5 Na5 14. Nf5 Qd7 15. Nxe7+ Qxe7 16. Bb6 Nxb3 17. axb3 Nd7 18. Be3 f5 19. f3 f4 20. Bf2 e4 21. fxe4 Qxe4 22. c4 f3 23. Qd4 Qg6 24. Bg3 Nc5 25. Rae1 fxg2 26. Rxf8+ Rxf8 27. b4 Qf5 28. Kxg2 Nd3 29. Ra1 Qf3+ 30. Kg1 Nf4 0-1

[Event "34th European Club Cup 2018"]
[Site "Halkidiki"]
[Date "2018.10.12"]
[Round "1"]
[White "Bellincampi, Stefano"]
[Black "Hammes, Michael"]
[Result "0-1"]
[WhiteElo "2078"]
[BlackElo "2335"]
[Annotator "NA"]
[PlyCount "58"]
[EventDate "2018.10.12"]
[EventType "team-tourn"]
[EventCountry "GRE"]
[SourceTitle "playchess.com"]
[Source "ChessBase"]
[SourceQuality "1"]
[WhiteTeam "Lazio ASD"]
[BlackTeam "Eynatten"]

1. c4 e6 2. Nc3 Nf6 3. Nf3 d5 4. d4 a6 5. cxd5 exd5 6. Bg5 Be6 7. e3 h6 8. Bh4 Bd6 9. Bd3 Nbd7 10. Qc2 O-O 11. O-O c6 12. Rac1 Qc7 13. Bg3 Bxg3 14. hxg3 Ng4 15. Ne2 Rae8 16. Nf4 Ndf6 17. Rce1 Bc8 18. Nh2 Nxh2 19. Kxh2 g5 20. Nh3 h5 21. Nxg5 h4 22. Bf5 hxg3+ 23. fxg3 Kg7 24. Bxc8 Qxc8 25. Qf5 Qxf5 26. Rxf5 Ng4+ 27. Kg1 Kg6 28. Ref1 Nxe3 29. Rxf7 Nxf1 0-1

[Event "34th European Club Cup 2018"]
[Site "Halkidiki"]
[Date "2018.10.12"]
[Round "1"]
[White "Kalaitzoglou, Panayotis"]
[Black "Pijpers, Arthur"]
[Result "0-1"]
[WhiteElo "2071"]
[BlackElo "2465"]
[Annotator "TA"]
[PlyCount "80"]
[EventDate "2018.10.12"]
[EventType "team-tourn"]
[EventCountry "GRE"]
[SourceTitle "playchess.com"]
[Source "ChessBase"]
[SourceQuality "1"]
[WhiteTeam "Chania CC"]
[BlackTeam "Leiden"]

1. e4 e6 2. d4 d5 3. Nc3 Nf6 4. e5 Nfd7 5. f4 c5 6. Nf3 Be7 7. Be3 Nc6 8. Qd2 O-O 9. Be2 b6 10. O-O f5 11. dxc5 Nxc5 12. Nd4 Nxd4 13. Bxd4 Bb7 14. a4 Rc8 15. a5 bxa5 16. Qe3 Ba6 17. Ra2 Bxe2 18. Qxe2 Ne4 19. Qa6 Qd7 20. Nxe4 dxe4 21. c3 Bc5 22. Bxc5 Rxc5 23. Rxa5 Rxa5 24. Qxa5 Rb8 25. b4 Rc8 26. b5 e3 27. Qa6 Rxc3 28. Qd6 Qxd6 29. exd6 Rd3 30. Ra1 Rxd6 31. Kf1 Rd5 32. Rxa7 Rxb5 33. Ra3 Rb4 34. g3 Rb1+ 35. Ke2 Rb2+ 36. Kxe3 Rxh2 37. Ra7 Rg2 38. Kf3 Rb2 39. Rc7 Rb3+ 40. Kf2 h6 0-1

[Event "34th European Club Cup 2018"]
[Site "Halkidiki"]
[Date "2018.10.12"]
[Round "1"]
[White "McMillan, Charles Stuart"]
[Black "Berg, Michael"]
[Result "1/2-1/2"]
[WhiteElo "2070"]
[BlackElo "2331"]
[Annotator "TA"]
[PlyCount "134"]
[EventDate "2018.10.12"]
[EventType "team-tourn"]
[EventCountry "GRE"]
[SourceTitle "playchess.com"]
[Source "ChessBase"]
[SourceQuality "1"]
[WhiteTeam "White Rose"]
[BlackTeam "Solingen"]

1. e4 c6 2. d4 d5 3. e5 c5 4. dxc5 e6 5. Be3 Nd7 6. Nf3 Bxc5 7. Bxc5 Nxc5 8. Be2 Ne7 9. O-O Qb6 10. Nc3 Bd7 11. Rb1 Ng6 12. Re1 Ne4 13. Nxe4 dxe4 14. Nd2 e3 15. fxe3 Nxe5 16. Nc4 Nxc4 17. Bxc4 Qc7 18. Bd3 O-O 19. Rf1 Rad8 20. Qh5 g6 21. Qh6 Qe5 22. Qf4 Qa5 23. a3 Bc6 24. Rf2 Qc5 25. Rbf1 Qe7 26. h4 Rd5 27. g3 Qd6 28. Kh2 Qxf4 29. exf4 Rd4 30. Re1 Rfd8 31. Re5 Kg7 32. Rfe2 R8d6 33. R5e3 Kf6 34. Kg1 h6 35. Re5 Kg7 36. Kf2 b6 37. Ke1 Bb7 38. R2e3 Bc6 39. Kd2 Bb7 40. Kc3 h5 41. Re2 Kf6 42. Rf2 Rd8 43. b4 Bc6 44. Ree2 R4d6 45. Rd2 Rc8 46. Kb2 Rcd8 47. Kc3 Rc8 48. Kb2 Rcd8 49. Kc1 Rd4 50. Bf1 Ke7 51. c3 R4d6 52. Rxd6 Rxd6 53. Rd2 Rxd2 54. Kxd2 Kd6 55. Ke3 f6 56. Bd3 Be8 57. Bc2 e5 58. Bb3 Ke7 59. Bc4 Kd6 60. Ba6 Bf7 61. Bd3 Be8 62. Bc2 Bf7 63. Bd1 Be6 64. Bc2 Bf7 65. Ba4 Ke7 66. Bc6 Kd6 67. Bb5 Ke7 1/2-1/2

[Event "34th European Club Cup 2018"]
[Site "Halkidiki"]
[Date "2018.10.12"]
[Round "1"]
[White "Drzasga, Michael"]
[Black "Petursson, Margeir"]
[Result "0-1"]
[WhiteElo "2042"]
[BlackElo "2486"]
[Annotator "TA"]
[PlyCount "74"]
[EventDate "2018.10.12"]
[EventType "team-tourn"]
[EventCountry "GRE"]
[SourceTitle "playchess.com"]
[Source "ChessBase"]
[SourceQuality "1"]
[WhiteTeam "Echternach"]
[BlackTeam "Reykjavik"]

1. d4 Nf6 2. c4 e6 3. Nc3 Bb4 4. Qc2 c5 5. e3 b6 6. Nf3 Bb7 7. a3 Bxc3+ 8. Qxc3 O-O 9. Bd3 Ne4 10. Qc2 f5 11. O-O Rf6 12. Ne1 Rh6 13. f3 Qh4 14. h3 Ng3 15. Rf2 Nc6 16. f4 cxd4 17. Nf3 Qf6 18. Kh2 Rg6 19. e4 fxe4 20. Bxe4 Nb4 21. axb4 Nxe4 22. Re2 Ng3 23. Rf2 Nf5 24. Ne5 Rg3 25. Ra3 Qh4 26. Nf3 Qh5 27. Qe2 a5 28. bxa5 Rxa5 29. Nxd4 Qxe2 30. Nxe2 Rgxa3 31. bxa3 Rc5 32. g4 Nd6 33. Be3 Rxc4 34. Bxb6 Ne4 35. Rf3 Rc2 36. Re3 Nf6 37. Bd4 Ba6 0-1

[Event "34th European Club Cup 2018"]
[Site "Halkidiki"]
[Date "2018.10.12"]
[Round "1"]
[White "Asllani, Ibrahim"]
[Black "Zawadzka, Jolanta"]
[Result "0-1"]
[WhiteElo "2033"]
[BlackElo "2421"]
[Annotator "TA"]
[PlyCount "68"]
[EventDate "2018.10.12"]
[EventType "team-tourn"]
[EventCountry "GRE"]
[SourceTitle "playchess.com"]
[Source "ChessBase"]
[SourceQuality "1"]
[WhiteTeam "Drejtesia"]
[BlackTeam "Thessalonikis"]

1. d4 Nf6 2. Nf3 g6 3. g3 Bg7 4. Bg2 O-O 5. O-O d6 6. c4 Nc6 7. Nc3 a6 8. Re1 Bg4 9. d5 Na5 10. Qd3 c5 11. Nd2 Rb8 12. a4 Bd7 13. h3 Qc7 14. b3 b5 15. axb5 axb5 16. Ra2 Nxb3 17. Nxb3 bxc4 18. Qxc4 Rb4 19. Qa6 Rxb3 20. Bd2 Rfb8 21. e4 Nh5 22. Rc1 Bd4 23. g4 Nf4 24. Bxf4 Bxc3 25. Be3 Bb2 26. Rc2 Be5 27. Bf1 f5 28. exf5 gxf5 29. gxf5 Bxf5 30. Rc1 Kh8 31. Ra4 Rg8+ 32. Kh1 e6 33. dxe6 Qg7 34. f4 Rxe3 0-1

[Event "34th European Club Cup 2018"]
[Site "Halkidiki"]
[Date "2018.10.12"]
[Round "1"]
[White "Damjanovic, Vuk"]
[Black "Dishman, Stephen"]
[Result "0-1"]
[WhiteElo "2031"]
[BlackElo "2272"]
[Annotator "TA"]
[PlyCount "144"]
[EventDate "2018.10.12"]
[EventType "team-tourn"]
[EventCountry "GRE"]
[SourceTitle "playchess.com"]
[Source "ChessBase"]
[SourceQuality "1"]
[WhiteTeam "Itaka"]
[BlackTeam "Bonnevoie"]

1. d4 d5 2. c4 c6 3. cxd5 cxd5 4. Nc3 Nf6 5. Bf4 Nc6 6. e3 Bf5 7. Qb3 Na5 8. Qa4+ Bd7 9. Qc2 e6 10. Nf3 Be7 11. Bd3 Nc6 12. a3 Nh5 13. Be5 f6 14. Bg3 f5 15. Ne5 O-O 16. Nxc6 Bxc6 17. Be5 Nf6 18. Bxf6 Rxf6 19. f4 Rc8 20. g4 Qd7 21. gxf5 exf5 22. Rg1 Rf7 23. Qf2 a5 24. Rc1 b5 25. Ke2 b4 26. axb4 axb4 27. Nb1 Ra8 28. Kf3 Bb5 29. Qe2 Bxd3 30. Qxd3 Qe6 31. Nd2 Re8 32. Rc7 Bd6 33. Rxf7 Qxf7 34. Rg5 g6 35. Rg1 Rc8 36. Qa6 Qe6 37. Qd3 Qe4+ 38. Qxe4 fxe4+ 39. Ke2 Rc2 40. b3 Kf7 41. Ra1 Ke6 42. Ra7 h5 43. Rg7 Kf5 44. Rf7+ Ke6 45. Rg7 Kf6 46. Rd7 Rc6 47. Nf1 g5 48. fxg5+ Kxg5 49. Rg7+ Kf6 50. Rd7 h4 51. Rh7 Kg5 52. h3 Rc2+ 53. Nd2 Rc1 54. Rd7 Rc6 55. Nf1 Kf5 56. Rf7+ Ke6 57. Rh7 Be7 58. Rh6+ Bf6 59. Kd2 Ra6 60. Ke1 Ra3 61. Nd2 Ra1+ 62. Kf2 Rd1 63. Ke2 Rh1 64. Nf1 Rxh3 65. Kf2 Rf3+ 66. Kg2 Rf5 67. Nh2 Rg5+ 68. Kf2 Rg8 69. Kf1 Kf5 70. Rh5+ Bg5 71. Ke2 Kg6 72. Rxg5+ Kxg5 0-1

[Event "34th European Club Cup 2018"]
[Site "Halkidiki"]
[Date "2018.10.12"]
[Round "1"]
[White "Jensen, Michael Agermose"]
[Black "Tesic, Dragan"]
[Result "0-1"]
[WhiteElo "2022"]
[BlackElo "2313"]
[Annotator "NA"]
[PlyCount "70"]
[EventDate "2018.10.12"]
[EventType "team-tourn"]
[EventCountry "GRE"]
[SourceTitle "playchess.com"]
[Source "ChessBase"]
[SourceQuality "1"]
[WhiteTeam "Bronshoj"]
[BlackTeam "Sloven Ruma"]

1. e4 c5 2. Nf3 e6 3. d4 cxd4 4. c3 Nf6 5. e5 Nd5 6. cxd4 b6 7. Nc3 Nxc3 8. bxc3 Qc7 9. Bd2 d6 10. Bd3 Nd7 11. exd6 Bxd6 12. Qe2 Bb7 13. O-O O-O 14. Rfe1 Bf4 15. Ne5 Nxe5 16. Bxf4 Qc6 17. Be4 Qxe4 18. Qxe4 Bxe4 19. Bxe5 Bd5 20. a4 Rfc8 21. Rec1 Rc4 22. Bf4 a5 23. Ra3 Rac8 24. Bd2 Bc6 25. Rca1 Kf8 26. f3 Ke7 27. Rb1 Rb8 28. Rab3 Rxa4 29. Rxb6 Rxb6 30. Rxb6 Kd7 31. Kf2 Ra2 32. Ke3 Kc7 33. Rb1 a4 34. Kd3 a3 35. Rb4 Rxd2+ 0-1

[Event "34th European Club Cup 2018"]
[Site "Halkidiki"]
[Date "2018.10.12"]
[Round "1"]
[White "Vozinaki, Anthi - Maria"]
[Black "De Groote, Ewoud"]
[Result "0-1"]
[WhiteElo "2022"]
[BlackElo "2292"]
[Annotator "NA"]
[PlyCount "90"]
[EventDate "2018.10.12"]
[EventType "team-tourn"]
[EventCountry "GRE"]
[SourceTitle "playchess.com"]
[Source "ChessBase"]
[SourceQuality "1"]
[WhiteTeam "Chania CA"]
[BlackTeam "BSG"]

1. e4 e5 2. Nc3 Nf6 3. Bc4 Nc6 4. d3 Bc5 5. f4 d6 6. Nf3 Bg4 7. Na4 O-O 8. Nxc5 dxc5 9. Be3 Qd6 10. Qd2 Bxf3 11. gxf3 Nd4 12. Bxd4 cxd4 13. fxe5 Qxe5 14. Rg1 Nd7 15. O-O-O Kh8 16. f4 Qe7 17. e5 c6 18. a3 a5 19. Qg2 g6 20. Qe4 b5 21. Ba2 Nc5 22. Qxd4 b4 23. f5 Rfd8 24. Qf4 bxa3 25. f6 Qf8 26. Rg3 Rab8 27. bxa3 a4 28. d4 Nb3+ 29. Bxb3 axb3 30. Rxb3 Rxb3 31. cxb3 Qxa3+ 32. Kd2 Qxb3 33. Ke2 g5 34. Qe4 Qc4+ 35. Ke3 Rb8 36. Rd3 Qc1+ 37. Kf3 Qh1+ 38. Ke3 Qg1+ 39. Kf3 Rb2 40. Qe3 Qh1+ 41. Kg4 Rg2+ 42. Kh5 Rxh2+ 43. Kxg5 Rg2+ 44. Kf5 Qh5+ 45. Ke4 Qg6+ 0-1

[Event "34th European Club Cup 2018"]
[Site "Halkidiki"]
[Date "2018.10.12"]
[Round "1"]
[White "Palsson, Halldor"]
[Black "Lenaerts, Lennert"]
[Result "0-1"]
[WhiteElo "2020"]
[BlackElo "2362"]
[Annotator "NA"]
[PlyCount "76"]
[EventDate "2018.10.12"]
[EventType "team-tourn"]
[EventCountry "GRE"]
[SourceTitle "playchess.com"]
[Source "ChessBase"]
[SourceQuality "1"]
[WhiteTeam "Viking CC"]
[BlackTeam "Aachen"]

1. d4 d5 2. Nf3 Nf6 3. Bf4 e6 4. e3 c5 5. c3 Nc6 6. Nbd2 Bd6 7. Bxd6 Qxd6 8. Bd3 O-O 9. O-O e5 10. dxc5 Qxc5 11. e4 Bg4 12. Qc2 Rad8 13. Rfe1 d4 14. cxd4 Qxc2 15. Bxc2 exd4 16. a3 Rfe8 17. Bd3 Re7 18. b4 Rde8 19. b5 Na5 20. Rec1 Bxf3 21. gxf3 Nh5 22. Rc5 Nf4 23. Bf1 h6 24. Rac1 g5 25. Rc8 Rxc8 26. Rxc8+ Kg7 27. Rd8 Rc7 28. Rxd4 Rc1 29. Rb4 Rd1 30. Rb2 h5 31. h4 Nd3 32. Ra2 Ne1 33. Kh1 Rc1 34. hxg5 Kg6 35. f4 Nd3 36. f5+ Kxg5 37. Kg2 Nf4+ 38. Kf3 Rc3+ 0-1

[Event "34th European Club Cup 2018"]
[Site "Halkidiki"]
[Date "2018.10.12"]
[Round "1"]
[White "Nahkur, Madis"]
[Black "Golubov, Saveliy"]
[Result "0-1"]
[WhiteElo "2013"]
[BlackElo "2476"]
[Annotator "TA"]
[PlyCount "104"]
[EventDate "2018.10.12"]
[EventType "team-tourn"]
[EventCountry "GRE"]
[SourceTitle "playchess.com"]
[Source "ChessBase"]
[SourceQuality "1"]
[WhiteTeam "Reval"]
[BlackTeam "Molodezhka"]

1. e4 c5 2. Nc3 Nc6 3. g3 g6 4. Bg2 Bg7 5. d3 d6 6. f4 e6 7. Nf3 Nge7 8. O-O O-O 9. Be3 b6 10. h3 d5 11. exd5 exd5 12. Bf2 d4 13. Ne4 Nd5 14. Re1 Rb8 15. Qd2 Ne3 16. Bxe3 dxe3 17. Rxe3 Bxb2 18. Rb1 Bg7 19. Rbe1 h6 20. c3 Ne7 21. Rc1 Bb7 22. Kh2 Qc7 23. d4 Rbd8 24. Qe1 Nf5 25. Re2 cxd4 26. cxd4 Qb8 27. Rd1 Rfe8 28. d5 Ba6 29. Rdd2 Bxe2 30. Rxe2 Nd6 31. Ne5 Nxe4 32. Rxe4 Bxe5 33. fxe5 Rxd5 34. e6 f5 35. Re3 Rd6 36. Qc3 Qd8 37. Qb3 Kh7 38. Qc4 Qe7 39. Bd5 Red8 40. Bg2 h5 41. a3 h4 42. gxh4 Rd4 43. Qb5 Qc7+ 44. Qe5 Qxe5+ 45. Rxe5 R4d6 46. h5 Kg7 47. hxg6 Kxg6 48. e7 Re8 49. Re3 Kf6 50. Kg3 Rxe7 51. Rc3 Rg7+ 52. Kf3 f4 0-1

[Event "34th European Club Cup 2018"]
[Site "Halkidiki"]
[Date "2018.10.12"]
[Round "1"]
[White "Drent, Sjoerd"]
[Black "Nordquelle, Daniel"]
[Result "1-0"]
[WhiteElo "2001"]
[BlackElo "2235"]
[Annotator "NA"]
[PlyCount "65"]
[EventDate "2018.10.12"]
[EventType "team-tourn"]
[EventCountry "GRE"]
[SourceTitle "playchess.com"]
[Source "ChessBase"]
[SourceQuality "1"]
[WhiteTeam "En Passant"]
[BlackTeam "Nordstrand"]

1. e4 e6 2. d4 d5 3. Nc3 Bb4 4. Nge2 Nc6 5. a3 Ba5 6. Be3 Nge7 7. Qd3 O-O 8. O-O-O a6 9. g4 b5 10. Bg2 b4 11. Na4 bxa3 12. bxa3 Ng6 13. h4 Nxh4 14. exd5 exd5 15. Rxh4 Qxh4 16. Rh1 Qxh1+ 17. Bxh1 Ne7 18. Bg5 f6 19. Qe3 Kf7 20. Qf3 c6 21. Bd2 Bd8 22. Bb4 Re8 23. Nf4 g5 24. Nd3 Ng6 25. Qg3 Re4 26. Bxe4 dxe4 27. Ndc5 Nf4 28. Kd2 Bc7 29. Nxe4 Be6 30. Bd6 Ba5+ 31. c3 Rd8 32. Nac5 Bc4 33. Nb7 1-0

[Event "34th European Club Cup 2018"]
[Site "Halkidiki"]
[Date "2018.10.12"]
[Round "1"]
[White "O`connor, Eddie"]
[Black "Novik, Maxim"]
[Result "0-1"]
[WhiteElo "1972"]
[BlackElo "2461"]
[Annotator "TA"]
[PlyCount "42"]
[EventDate "2018.10.12"]
[EventType "team-tourn"]
[EventCountry "GRE"]
[SourceTitle "playchess.com"]
[Source "ChessBase"]
[SourceQuality "1"]
[WhiteTeam "Dublin"]
[BlackTeam "Overtime"]

1. d4 Nf6 2. Nf3 g6 3. Bf4 Bg7 4. e3 c5 5. d5 Qb6 6. Bc4 Qxb2 7. Nbd2 Nxd5 8. Rb1 Nc3 9. Rxb2 Nxd1 10. Rb5 Nc3 11. Rxc5 Nc6 12. Nd4 Na4 13. Nb5 Nxc5 14. Nc7+ Kd8 15. Nxa8 d6 16. Bxf7 Be6 17. Bxe6 Nxe6 18. O-O Kd7 19. Rb1 Rxa8 20. Rxb7+ Kd8 21. Kf1 Nxf4 0-1

[Event "34th European Club Cup 2018"]
[Site "Halkidiki"]
[Date "2018.10.12"]
[Round "1"]
[White "Svendsen, Peter Willer"]
[Black "Schiendorfer, Emanuel"]
[Result "0-1"]
[WhiteElo "1948"]
[BlackElo "2310"]
[Annotator "NA"]
[PlyCount "46"]
[EventDate "2018.10.12"]
[EventType "team-tourn"]
[EventCountry "GRE"]
[SourceTitle "playchess.com"]
[Source "ChessBase"]
[SourceQuality "1"]
[WhiteTeam "Hillerod"]
[BlackTeam "Winterthur"]

1. d4 d5 2. Nf3 c6 3. Bf4 Nf6 4. e3 g6 5. Bd3 Bg7 6. O-O O-O 7. h3 Nbd7 8. Nbd2 b6 9. Qe2 Bb7 10. Rac1 c5 11. c4 Rc8 12. Bh2 cxd4 13. exd4 Nb8 14. cxd5 Nxd5 15. Rxc8 Qxc8 16. Ne5 Nc6 17. Ndf3 Nxe5 18. Nxe5 Bh6 19. Ng4 Bg7 20. Ne5 Qa8 21. Re1 Nf6 22. f3 Bd5 23. Be4 Rd8 0-1

[Event "34th European Club Cup 2018"]
[Site "Halkidiki"]
[Date "2018.10.12"]
[Round "1"]
[White "Sparwel, Oliver"]
[Black "Salama, Omar"]
[Result "0-1"]
[WhiteElo "1940"]
[BlackElo "2254"]
[Annotator "NA"]
[PlyCount "80"]
[EventDate "2018.10.12"]
[EventType "team-tourn"]
[EventCountry "GRE"]
[SourceTitle "playchess.com"]
[Source "ChessBase"]
[SourceQuality "1"]
[WhiteTeam "Echternach"]
[BlackTeam "Reykjavik"]

1. d4 Nf6 2. Nf3 c5 3. e3 e6 4. c3 Be7 5. dxc5 Bxc5 6. b4 Be7 7. a3 O-O 8. Bd3 a5 9. Bb2 d5 10. Nbd2 Nbd7 11. O-O b6 12. e4 dxe4 13. Nxe4 Bb7 14. Re1 Qc7 15. Qb3 Rac8 16. c4 Bxe4 17. Bxe4 Qxc4 18. Qxc4 Rxc4 19. Bd3 Rcc8 20. bxa5 Nc5 21. Bb5 bxa5 22. Nd4 Nd5 23. a4 Bf6 24. Rab1 Nb4 25. Bc3 Nbd3 26. Red1 Nxf2 27. Bxa5 Nxd1 28. Rxd1 Bxd4+ 29. Rxd4 Nb3 30. Bb6 Nxd4 31. Bxd4 Rfd8 32. Bb6 Rd2 33. h3 Rcc2 34. a5 Rxg2+ 35. Kh1 Rgd2 36. a6 Rc1+ 37. Bg1 Ra1 38. Bc4 Rdd1 39. a7 Rxg1+ 40. Kh2 Rgc1 0-1

[Event "34th European Club Cup 2018"]
[Site "Halkidiki"]
[Date "2018.10.12"]
[Round "1"]
[White "Buonanno, Massimo"]
[Black "Vanstreels, Luc"]
[Result "0-1"]
[WhiteElo "1911"]
[BlackElo "2123"]
[Annotator "NA"]
[PlyCount "62"]
[EventDate "2018.10.12"]
[EventType "team-tourn"]
[EventCountry "GRE"]
[SourceTitle "playchess.com"]
[Source "ChessBase"]
[SourceQuality "1"]
[WhiteTeam "Lazio ASD"]
[BlackTeam "Eynatten"]

1. e4 c6 2. d4 d5 3. exd5 cxd5 4. c4 Nf6 5. c5 g6 6. Bf4 Bg7 7. Nc3 O-O 8. b4 Nc6 9. Rb1 Nh5 10. Be3 e5 11. Nge2 Bf5 12. Rb3 exd4 13. Nxd4 Nxd4 14. Bxd4 Re8+ 15. Be2 Nf4 16. Kf1 Nxg2 17. Nb5 Nf4 18. Bg4 Bxd4 19. Nxd4 Bxg4 20. Qxg4 Re4 21. Qd1 Qf6 22. Nc2 Rae8 23. Re3 Rxe3 24. Nxe3 d4 25. Ng4 Qc6 26. f3 Qb5+ 27. Kf2 Re2+ 28. Kg3 Nh5+ 29. Kh4 d3 30. Qa1 Qc4 31. Rc1 Rxh2+ 0-1

[Event "34th European Club Cup 2018"]
[Site "Halkidiki"]
[Date "2018.10.12"]
[Round "1"]
[White "Guidoreni, Jean"]
[Black "Galburd, Yan"]
[Result "0-1"]
[WhiteElo "1862"]
[BlackElo "2358"]
[Annotator "NA"]
[PlyCount "68"]
[EventDate "2018.10.12"]
[EventType "team-tourn"]
[EventCountry "GRE"]
[SourceTitle "playchess.com"]
[Source "ChessBase"]
[SourceQuality "1"]
[WhiteTeam "Dudelange"]
[BlackTeam "Rehovot"]

1. Nf3 d5 2. b3 Bf5 3. Bb2 e6 4. e3 h6 5. c4 Nf6 6. Nc3 Be7 7. Be2 O-O 8. O-O c6 9. d3 Nbd7 10. Rc1 Bh7 11. cxd5 exd5 12. d4 Bd6 13. Bd3 Bxd3 14. Qxd3 Qe7 15. g3 Rfe8 16. Nh4 Bb4 17. Nb1 g6 18. a3 Bd6 19. Rce1 Ne4 20. Kg2 Qe6 21. f4 f5 22. a4 Kh7 23. Re2 Rg8 24. Nc3 Be7 25. Nf3 g5 26. Ne5 Ndf6 27. a5 a6 28. Rc2 Rg7 29. Na4 Bd6 30. Nc5 Qe7 31. b4 Rag8 32. Qe2 gxf4 33. exf4 Rxg3+ 34. Kh1 Qg7 0-1

[Event "34th European Club Cup 2018"]
[Site "Halkidiki"]
[Date "2018.10.12"]
[Round "1"]
[White "Mathioulakis, Fanis"]
[Black "Van Haastert, Edwin"]
[Result "0-1"]
[WhiteElo "1856"]
[BlackElo "2437"]
[Annotator "TA"]
[PlyCount "130"]
[EventDate "2018.10.12"]
[EventType "team-tourn"]
[EventCountry "GRE"]
[SourceTitle "playchess.com"]
[Source "ChessBase"]
[SourceQuality "1"]
[WhiteTeam "Chania CC"]
[BlackTeam "Leiden"]

1. c4 e5 2. Nc3 Bb4 3. Nf3 Bxc3 4. dxc3 d6 5. Bg5 f6 6. Bh4 Ne7 7. e3 Nbc6 8. Qc2 Bf5 9. Bd3 Bxd3 10. Qxd3 Qd7 11. h3 f5 12. Bxe7 e4 13. Qd5 exf3 14. Bh4 fxg2 15. Rg1 Qf7 16. O-O-O O-O 17. Rxg2 Rae8 18. Bf6 g6 19. Bd4 Re4 20. Rdg1 Qxd5 21. cxd5 Nxd4 22. cxd4 f4 23. Kd2 fxe3+ 24. fxe3 Rf3 25. Rc1 Re7 26. Rh2 Rfxe3 27. Rxc7 Rxc7 28. Kxe3 Kg7 29. Ke4 Kf6 30. h4 a5 31. a3 b5 32. Rf2+ Kg7 33. Kd3 Kh6 34. Rf6 Rd7 35. Rf8 Kh5 36. Rf4 Rb7 37. Re4 b4 38. axb4 Rxb4 39. Kc3 Rb5 40. Re7 h6 41. Re6 Rb6 42. b3 g5 43. hxg5 hxg5 44. Re8 g4 45. Rh8+ Kg5 46. Rg8+ Kf4 47. Rf8+ Kg3 48. Rc8 Kf3 49. Rf8+ Kg2 50. Rc8 g3 51. Rg8 Kf2 52. Rf8+ Kg1 53. Rf6 g2 54. Rg6 Rb8 55. Rxd6 Rf8 56. Kc4 Rg8 57. Rf6 Kh2 58. Rf2 Kg3 59. Rxg2+ Kxg2 60. Kb5 Kf3 61. Kxa5 Ke4 62. b4 Kxd4 63. Ka6 Kxd5 64. b5 Kc5 65. b6 Rg6 0-1

[Event "34th European Club Cup 2018"]
[Site "Halkidiki"]
[Date "2018.10.12"]
[Round "1"]
[White "Loo, Bernd"]
[Black "Vanheirzeele, Daniel"]
[Result "0-1"]
[WhiteElo "1849"]
[BlackElo "2158"]
[Annotator "NA"]
[PlyCount "60"]
[EventDate "2018.10.12"]
[EventType "team-tourn"]
[EventCountry "GRE"]
[SourceTitle "playchess.com"]
[Source "ChessBase"]
[SourceQuality "1"]
[WhiteTeam "Wirtzfeld"]
[BlackTeam "KGSRL"]

1. e4 c5 2. Nf3 d6 3. Bb5+ Bd7 4. Bxd7+ Qxd7 5. Qe2 Nc6 6. c3 Nf6 7. O-O g5 8. e5 dxe5 9. Nxe5 Nxe5 10. Qxe5 Qd5 11. d4 Rg8 12. Qxd5 Nxd5 13. dxc5 e6 14. Nd2 Bxc5 15. Ne4 Be7 16. c4 Nb4 17. Bd2 O-O-O 18. Bxb4 Bxb4 19. Rad1 f5 20. Rxd8+ Kxd8 21. Rd1+ Ke7 22. Ng3 Rc8 23. b3 b5 24. cxb5 Rc2 25. Rd4 Bc5 26. Rc4 Bxf2+ 27. Kf1 Rxa2 28. Rc7+ Kd6 29. Rxh7 Bb6 30. Ne2 Ra1+ 0-1